Tradiciones y documentos (Registro nro. 85406)

Detalles MARC
000 -ENCABEZADO
Número de control [NR] 01226nam a22002777a 4500
008 - DE LONGITUD FIJA DE DATOS DE ELEMENTOS - INFORMACIÓN GENERAL
Elementos de longitud fija [NR] 130821s1950 ck gr spa
040 ## - FUENTE DE CATALOGACION [NR]
Agencia de catalogación original [NR] Co-BoUCM
Idioma de catalogación [NR] spa
041 00 - CODIGO DE IDIOMA [R]
Código de idioma para texto/pista de sonido o título separado [R] Español
092 ## - SIGNATURA TOPOGRAFICA LOCAL
Número de clasificación local FM 000028
100 ## - ASIENTO PRINCIPAL--NOMBRE PERSONAL [NR]
Nombre personal [NR] Mejia y Mejia, Justino C.
ID Autoridad 149241
245 00 - MENCION DE TITULO [NR]
Título [NR] Tradiciones y documentos
Parte restante del título [NR] apuntes relativos a la historia de Nuestra Señora de la Lajas
Mención de responsabilidad, etc. [NR] Justino C. Mejía y Mejía
250 ## - MENCION DE EDICION [NR]
Mención de edición [NR] 4a. ed
260 ## - PUBLICACION, DISTRIBUCION, ETC. (PIE DE IMPRENTA) [R]
Lugar de publicación, distribución, etc. [R] Bogotá (Colombia)
Nombre del editor, distribuidor, etc. [R] Editorial Pax
Fecha de publicación, distribución, etc. [R] 1950
300 ## - DESCRIPCION FISICA [R]
Extensión [R] 244 páginas
500 ## - NOTA GENERAL [R]
Nota general [NR] Incluye bibliografía e índice. -- Este libro se encuentra en el depósito de la biblioteca
610 ## - ASIENTO SECUNDARIO DE MATERIA - NOMBRE CORPORATIVO [R]
Nombre corporativo o nombre de la jurisdicción como elemento de entrada [NR] Santuario de Nuestra Señora de las Lajas (Ipiales, Nariño, Colombia)
9 (RLIN) 3733
610 ## - ASIENTO SECUNDARIO DE MATERIA - NOMBRE CORPORATIVO [R]
Nombre corporativo o nombre de la jurisdicción como elemento de entrada [NR] Santuario de Nuestra Señora de las Lajas (Ipiales, Nariño, Colombia)
9 (RLIN) 3733
610 ## - ASIENTO SECUNDARIO DE MATERIA - NOMBRE CORPORATIVO [R]
Nombre corporativo o nombre de la jurisdicción como elemento de entrada [NR] Santuario de Nuestra Señora de las Lajas (Ipiales, Nariño, Colombia)
Subdivisión general [R] Historia
Subdivisión geográfica [R] Ipiales (Nariño, Colombia)
9 (RLIN) 149242
650 04 - ASIENTO SECUNDARIO DE MATERIA - TERMINO TEMATICO [R]
Término temático o nombre geográfico como elemento de entrada [NR] Arquitectura religiosa
9 (RLIN) 9417
650 04 - ASIENTO SECUNDARIO DE MATERIA - TERMINO TEMATICO [R]
Término temático o nombre geográfico como elemento de entrada [NR] Arte cristiano
9 (RLIN) 9463
650 04 - ASIENTO SECUNDARIO DE MATERIA - TERMINO TEMATICO [R]
Término temático o nombre geográfico como elemento de entrada [NR] Historia
9 (RLIN) 7695
650 04 - ASIENTO SECUNDARIO DE MATERIA - TERMINO TEMATICO [R]
Término temático o nombre geográfico como elemento de entrada [NR] Iglesias (Arquitectura)
9 (RLIN) 17150
650 04 - ASIENTO SECUNDARIO DE MATERIA - TERMINO TEMATICO [R]
Término temático o nombre geográfico como elemento de entrada [NR] Iglesias (Arquitectura)
Subdivisión geográfica [R] Ipiales (Nariño, Colombia)
9 (RLIN) 17151
651 ## - ASIENTO SECUNDARIO DE MATERIA - NOMBRE GEOGRAFICO [R]
Nombre geográfico [NR] Ipiales (Nariño, Colombia)
9 (RLIN) 27015
942 ## - ELEMENTOS DE ENTRADA AGREGADOS (KOHA)
Tipo de ítem principal el descrito en 300a Libro
Tema principal [No clasificado]
Edición 4
Título oculto en OPAC No
Existencias
Signatura topográfica Código de barras Última vez visto Volúmen / Fascículo Ejemplar Price effective from Tipo de ítem Perdido Sistema de clasificación Dañado No prestable Tipo de ítem específico Suprimido Ubicación habitual Ubicación actual Localización Fecha de creación Forma de adquisición Costo
~ 120054552 12/07/2012 FM 000028 Ej.1 03/02/2013 Libro   LOCAL     Fondos especiales     Archivo Histórico Archivo histórico 28/02/2003 Donación 10000.00